Les dieux égyptiens - Statistiques

Statistiques générales
  • Ce quiz a été pris 208 fois
  • Le résultat moyen est 8 sur 15
Statistiques - réponses
Hint Réponse % Correct
Dieu du soleil
93%
Premier pharaon Osiris
84%
Dieu des morts Anubis
79%
Femme du premier pharaon Isis
79%
Fils du premier pharaon Horus
61%
Dieu du chaos Seth
57%
Déesse des chats Bastet
56%
Dieu de la sagesseet de l'écriture Thot
52%
Dieu de la ville de Thèbes Amon
41%
Déesse de la guerre Sekhmet
41%
Déesse de l'amouret de la musique Hathor
39%
Déesse de la justice et de l'ordre du monde. Maât
39%
Dieu des crocodiles Sobek
36%
Dieu du Nil Api
12%
Déesse de la fertilitéet des accouchements Thouéris
4%
Aucun quiz correspondant
Distribution des résultats
% des personnes avec chaque résultat
Percentile par nombre de réponses
Votre historique - résultats
Vous n’avez pas pris ce quiz